Zdravý životný štýl ako súčasť ponuky služieb hotela
Životný štýl verzus zdravý životný štýl. Zdravý životný štýl ako trend v uspokojovaní potrieb. Činitele zdravého životného štýlu v ponuke služieb hotela.
Gespeichert in:
| 1. Verfasser: | |
|---|---|
| Format: | Buchkapitel |
| Sprache: | Slowakisch |
| Schlagworte: | |
| Tags: |
Keine Tags, Fügen Sie das erste Tag hinzu!
|
MARC
| LEADER | 00000naa a2200000 4500 | ||
|---|---|---|---|
| 001 | r047475 | ||
| 005 | 20230724111358.4 | ||
| 041 | 0 | |a slo | |
| 044 | |a SK | ||
| 245 | 1 | 0 | |a Zdravý životný štýl ako súčasť ponuky služieb hotela |c Miroslava Szentiványiová |
| 520 | |a Životný štýl verzus zdravý životný štýl. Zdravý životný štýl ako trend v uspokojovaní potrieb. Činitele zdravého životného štýlu v ponuke služieb hotela. | ||
| 610 | 2 | 0 | |a štýl životný |
| 610 | 2 | 0 | |a zdravie |
| 610 | 2 | 0 | |a megatrendy |
| 610 | 2 | 0 | |a potreby |
| 610 | 2 | 0 | |a klienti |
| 610 | 2 | 0 | |a ruch cestovný zdravotný |
| 610 | 2 | 0 | |a služby |
| 100 | 1 | |a Szentiványiová, Miroslava | |